000 01207nam a2200325 a 4500
001 35406
003 BD-RjUL
005 20211209052321.0
008 880129s1913 ii ac b 001 0beng u
035 _a(BD-RjUL)35500
040 _cMNU
_dSYB
_aBD-RjUL
_beng
041 _aeng
082 _223
_a320.954
_bROL 1913
100 1 _aRoy, Rammohun
_d1772?-1833.
_9227873
245 1 0 _aLife and letters of Raja Rammohun Roy /
_cRammohun Roy ; [compiled] by Sophia Dobson Collet ; edited by Hem Chandra Sarkar.
250 _a[2nd ed.].
260 _aCalcutta :
_bA. C. Sarkar,
_c1913?
300 _alxxxiv, 278, [1] p. :
_bIll. ;
_c22 cm.
500 _aCompleted by F. Herbert Stead after the death of the author.
500 _aDate from preface.
504 _a"Rammohun's works": p. [263]
504 _aBibliography: p. [261]-262.
600 0 0 _aRammohun Roy,
_cRaja,
_d1772?-1833.
_9227891
651 0 _aIndia
_xSocial conditions.
_9227866
651 0 _aIndia
_xPolitics and government
_y1765-1947.
_9227867
700 1 _aCollet; Sophia Dobson, [Compilor]
_9227892
700 1 _aStead, F. Herbert
_q(Francis Herbert),
_d1857-1928.
_9227893
700 1 _aSarkar, Hem Chandra, ed.
_9227894
942 _2ddc
_cRAR
999 _c35406
_d35406